| 000 | 00457nam a2200193Ia 4500 | ||
|---|---|---|---|
| 005 | 20250425161318.0 | ||
| 008 | 250425s9999 xx 000 0 und d | ||
| 041 | _aspa | ||
| 082 | _a036 | ||
| 100 | _aRAMOS, CÉSAR ALFREDO | ||
| 245 | 0 | _aLIBRO DEL AÑO BARSA 1970 | |
| 250 | _aS.E. | ||
| 260 | _aCHICAGO | ||
| 260 |
_aEstados Unidos _bENCYCLOPAEDIA BRITANNICA _c1970 |
||
| 300 | _a416 | ||
| 650 | _aENCICLOPEDIA | ||
| 942 | _c01 | ||
| 010 | _a17476 | ||
| 999 |
_c206673 _d206673 |
||